The law of fixtures (Record no. 113944)

MARC details
000 -LEADER
fixed length control field 00664cam a22001935a 4500
001 - CONTROL NUMBER
control field L155957
008 - FIXED-LENGTH DATA ELEMENTS--GENERAL INFORMATION
fixed length control field 120423s1866 xxk f 000 0 eng d
035 ## - SYSTEM CONTROL NUMBER
System control number (Sirsi) u155957
041 0# - LANGUAGE CODE
Language code of text/sound track or separate title eng
100 1# - MAIN ENTRY--PERSONAL NAME
Personal name Grady, Standish Grove
Dates associated with a name 1815-1891
245 04 - TITLE STATEMENT
Title The law of fixtures
Remainder of title with reference to real property and chattels of a personal nature, to which is added the law of dilapidations, ecclesiastical and lay
250 ## - EDITION STATEMENT
Edition statement 2nd ed.
260 ## - PUBLICATION, DISTRIBUTION, ETC.
Place of publication, distribution, etc. London
Name of publisher, distributor, etc. Wildy and Sons
Date of publication, distribution, etc. 1866
300 ## - PHYSICAL DESCRIPTION
Extent xxvii, 511 p.
Dimensions 20 cm.
583 ## - ACTION NOTE
Action Condition reviewed
Time/date of action 20120620
Status condition level 4
651 #4 - SUBJECT ADDED ENTRY--GEOGRAPHIC NAME
Geographic name Great Britain
Chronological subdivision 1707-
690 ## - LOCAL SUBJECT ADDED ENTRY--TOPICAL TERM (OCLC, RLIN)
Topical term or geographic name as entry element Dilapidations
9 (RLIN) 6235
942 ## - ADDED ENTRY ELEMENTS (KOHA)
Suppress in OPAC 0
Holdings
Withdrawn status Lost status Source of classification or shelving scheme Damaged status Not for loan Home library Current library Shelving location Date acquired Total Checkouts Full call number Barcode Date last seen Copy number Price effective from Koha item type
    Dewey Decimal Classification     Historic collection Historic collection Historic collection 23/04/2012   OCTAVO 1866 GRADY 30077214 06/08/2019 1 06/08/2019 Book